| 000 | 00725nam a22002417a 4500 | ||
|---|---|---|---|
| 003 | UA-OsUOA | ||
| 001 | 21984 | ||
| 007 | ta | ||
| 008 | 20031216b un ||||| |||| 00| 0 ukr d | ||
| 090 |
_a008 _bУ45 |
||
| 942 | _cBK | ||
| 040 |
_aUA-OsUOA _bukr _cUA-OsUOA _dUA-OsUOA |
||
| 245 |
_aУкраїнсько-болгарські культурні взаємини ХХ ст. _bЗбірник наукових праць _cРед. В.М.Русанівський П.Зарев В.О.Захаржевська |
||
| 300 | _a216 с. | ||
| 955 | _a0 | ||
| 041 | _aukr | ||
| 080 | _a008 | ||
| 020 | _a5-12-000144-0 | ||
| 260 |
_aКиїв _bНаукова думка _c1988 |
||
| 044 | _aUA | ||
| 650 | 7 | _2UDC | |
| 999 |
_c308194 _d308194 |
||